[Event "AUT-chT2O 1516"]
[Site "Austria"]
[Date "2015.11.29"]
[Round "4.5"]
[White "Ernst, Michael"]
[Black "Liedl, Wolfgang"]
[Result "0-1"]
[WhiteElo "2163"]
[BlackElo "2272"]
[PlyCount "98"]
[EventDate "2015.10.17"]
[EventType "team-tourn"]
[EventRounds "11"]
[EventCountry "AUT"]
[SourceTitle "EXT 2017"]
[Source "ChessBase"]
[SourceDate "2016.10.25"]
[SourceVersion "1"]
[SourceVersionDate "2016.10.25"]
[SourceQuality "1"]
[WhiteTeam "Poechlarn"]
[BlackTeam "Austria"]
[WhiteTeamCountry "AUT"]
[BlackTeamCountry "AUT"]

1. d4 d5 2. Bf4 Nf6 3. e3 c5 4. c3 Qb6 5. Qb3 Nc6 6. Nd2 c4 7. Qxb6 axb6 8. a3 b5 9. 0-0-0 Bf5 10. f3 e6 11. Re1 b4 12. cxb4 Bxb4 13. Ne2 0-0 14. g4 Bg6 15. Bg2 b5 16. Nc3 Bxc3 17. bxc3 Rxa3 18. Kb2 Rfa8 19. Ra1 b4 20. Rxa3 Rxa3 21. Rc1 Ra4 22. Bd6 b3 23. Ra1 Rxa1 24. Kxa1 Bd3 25. Kb2 Na7 26. h3 Nb5 27. Bb4 Nd7 28. Ba5 f6 29. e4 dxe4 30. fxe4 e5 31. Nxb3 cxb3 32. Kxb3 exd4 33. cxd4 Nxd4+ 34. Kc3 Nc6 35. Bc7 Nde5 36. g5 Kf7 37. gxf6 Kxf6 38. Kd2 Bc4 39. Ke3 g5 40. h4 gxh4 41. Kf4 Be6 42. Bf1 h5 43. Bb5 h3 44. Kg3 h4+ 45. Kh2 Kg5 46. Bf1 Nf3+ 47. Kh1 Nce5 48. Be2 Bc4 49. Bd1 Bf1 0-1